00413nam a22001457a 4500008004100000020001400041041000800055080000800063100000700071101000800078245004100086942001200127999001700139952011100156180914b xxu||||| |||| 00| 0 eng d a023104142 aeng a101 a24 aFIL aThe Making of the MindcRandall, J.H 2udccBK c47757d47757 00102udc40708PËKGa002b002cPËKGd2018-09-14l0o101 RANp002-3013045r2018-09-14w2018-09-14yBK